BUBT Library Online Catalog

Heat Thermodynamics and Statistical Physics / (Record no. 5330)

000 -LEADER
fixed length control field 00682nam a22002297a 4500
003 - CONTROL NUMBER IDENTIFIER
control field BUBTL
008 - FIXED-LENGTH DATA ELEMENTS--GENERAL INFORMATION
fixed length control field 160814b xxu||||| |||| 00| 0 eng d
020 ## - INTERNATIONAL STANDARD BOOK NUMBER
International Standard Book Number 9788121928137
082 ## - DEWEY DECIMAL CLASSIFICATION NUMBER
Classification number 536.1/ L15h/ 2010
100 ## - MAIN ENTRY--PERSONAL NAME
9 (RLIN) 5549
Personal name Lal, Brij
245 ## - TITLE STATEMENT
Title Heat Thermodynamics and Statistical Physics /
Statement of responsibility, etc. Brij Lal, N. Subrahmanyam, P.S. Hemne
250 ## - EDITION STATEMENT
Edition statement 1st ed
260 ## - PUBLICATION, DISTRIBUTION, ETC. (IMPRINT)
Place of publication, distribution, etc. New Delhi:
Name of publisher, distributor, etc. S.Chand & Company,
Date of publication, distribution, etc. c2010
300 ## - PHYSICAL DESCRIPTION
Extent xix, 665 p. :
Other physical details ills.;
Dimensions 24 cm.
500 ## - GENERAL NOTE
General note Includes Index
650 #0 - SUBJECT ADDED ENTRY--TOPICAL TERM
9 (RLIN) 167
Topical term or geographic name as entry element Physics
700 ## - ADDED ENTRY--PERSONAL NAME
9 (RLIN) 5550
Personal name Subrahmanyam, N.
700 ## - ADDED ENTRY--PERSONAL NAME
9 (RLIN) 5551
Personal name Hemne, P.S.
856 ## - ELECTRONIC LOCATION AND ACCESS
Password 0
Logon 0
Link text Download
942 ## - ADDED ENTRY ELEMENTS (KOHA)
Source of classification or shelving scheme
Koha item type Books
Holdings
Withdrawn status Lost status Source of classification or shelving scheme Damaged status Not for loan Collection code Permanent location Current location Shelving location Date acquired Inventory number Total Checkouts Full call number Barcode Date last seen Copy number Price effective from Koha item type Total Renewals Date last checked out
        Not For Loan Non-fiction Bangladesh University of Business and Technology Library Bangladesh University of Business and Technology Library Textile Engineering Stacks 10/13/2011 12572   536.1/ L15h/ 2010 BUBTL-200312572 08/14/2016 C-1 08/14/2016 Books    
        Not For Loan Non-fiction Bangladesh University of Business and Technology Library Bangladesh University of Business and Technology Library Textile Engineering Stacks 10/13/2011 12575   536.1/ L15h/ 2010 BUBTL-200312575 08/14/2016 C-2 08/14/2016 Books    
          Non-fiction Bangladesh University of Business and Technology Library Bangladesh University of Business and Technology Library Textile Engineering Stacks 10/13/2011 12576 3 536.1/ L15h/ 2010 BUBTL-200312576 01/18/2017 C-3 08/14/2016 Books 4 01/10/2017
          Non-fiction Bangladesh University of Business and Technology Library Bangladesh University of Business and Technology Library Textile Engineering Stacks 10/26/2023 12573   536.1/ L15h/ 2010 BUBTL-200312573 10/26/2023 C-4 10/26/2023 Books    

More Information About Library

Library Hours

  • Open: 9.00 am. to 9.00 pm.
  • Only Sunday: 9.00 am. to 6.00 pm.
  • Closed: Holiday

Contact to the University

Bangladesh University of Business and Technology Library

  • Mirpurl-2, 1216.
  • Phone:
  • Fax:
  • E-Mail: admin.library@bubt.edu.bd

Contact to the Library

Contact Person:

Md. Abdul Hakim Shah
Joint Librarian
PABX No:  113
Cell No: 01816332931
E-mail: official: admin.library@bubt.edu.bd
Personal: hakim.shah@bubt.edu.bd


BUBT Library

Copyright © 2021